[Event "Stay Safe Play From Home 384"]
[Site "Emanuel Lasker Arena"]
[Date "2020.08.14"]
[Round "2"]
[White "Ionelluca"]
[Black "Hickey"]
[Result "0-1"]
[WhiteElo "2010"]
[BlackElo "2097"]
[PlyCount "76"]
[EventDate "2020.08.14"]
[EventType "swiss (blitz)"]

1. c4 {[%emt 0:00:03]} Nf6 {[%emt 0:00:01]} 2. Nc3 {[%emt 0:00:03]} e5 {[%emt 0:00:02]} 3. g3 {[%emt 0:00:01]} Bb4 {[%emt 0:00:02]} 4. Bg2 {[%emt 0:00:01]} O-O {[%emt 0:00:01]} 5. Nd5 {[%emt 0:00:02]} Nxd5 {[%emt 0:00:04]} 6. cxd5 {[%emt 0:00:01]} c6 {[%emt 0:00:01]} 7. a3 {[%emt 0:00:01]} Be7 {[%emt 0:00:02]} 8. d3 {[%emt 0:00:04]} cxd5 {[%emt 0:00:06]} 9. b4 {[%emt 0:00:01]} d4 {[%emt 0:00:02]} 10. Bb2 {[%emt 0:00:10]} d5 {[%emt 0:00:01]} 11. Nf3 {[%emt 0:00:02]} Bf6 {[%emt 0:00:04]} 12. O-O {[%emt 0:00:02]} Be6 {[%emt 0:00:02]} 13. h3 {[%emt 0:00:04]} a5 {[%emt 0:00:05]} 14. Qa4 {[%emt 0:00:08]} Na6 {[%emt 0:00:15]} 15. Qb5 {[%emt 0:00:15]} Qd7 {[%emt 0:00:15]} 16. Qxd7 {[%emt 0:00:04]} Bxd7 {[%emt 0:00:00]} 17. bxa5 {[%emt 0:00:14]} Nc5 {[%emt 0:00:10]} 18. Nd2 {[%emt 0:00:02]} Bc6 {[%emt 0:00:24]} 19. Rac1 {[%emt 0:00:05]} Rxa5 {[%emt 0:00:02]} 20. f4 {[%emt 0:00:08]} Na4 {[%emt 0:00:13]} 21. Ba1 {[%emt 0:00:03]} Nc3 {[%emt 0:00:07]} 22. Rfe1 {[%emt 0:00:12]} Rxa3 {[%emt 0:00:27]} 23. fxe5 {[%emt 0:00:16]} Bxe5 {[%emt 0:00:00]} 24. Kf2 {[%emt 0:00:08]} Re8 {[%emt 0:00:07]} 25. Nf3 {[%emt 0:00:03]} Bf6 {[%emt 0:00:07]} 26. Bf1 {[%emt 0:00:07]} Ra2 {[%emt 0:00:03]} 27. Ng1 {[%emt 0:00:10]} b5 {[%emt 0:00:03]} 28. Kf3 {[%emt 0:00:04]} b4 {[%emt 0:00:02]} 29. h4 {[%emt 0:00:04]} b3 {[%emt 0:00:01]} 30. Bxc3 {[%emt 0:00:19]} dxc3 {[%emt 0:00:00]} 31. e3 {[%emt 0:00:01]} d4+ {[%emt 0:00:09]} 32. e4 {[%emt 0:00:20]} b2 {[%emt 0:00:02]} 33. Rb1 {[%emt 0:00:09]} c2 {[%emt 0:00:02]} 34. Ne2 {[%emt 0:00:07]} cxb1=Q {[%emt 0:00:02]} 35. Rxb1 {[%emt 0:00:01]} Ba4 {[%emt 0:00:01]} 36. g4 {[%emt 0:00:13]} Bc2 {[%emt 0:00:03]} 37. Rxb2 {[%emt 0:00:02]} Rxb2 {[%emt 0:00:01]} 38. g5 {[%emt 0:00:00]} Be5 {[%emt 0:00:01] Ionelluca resigns Ionelluca resigns Ionelluca resigns (Lag: Av=0.65s, max=1.2s) (Lag: Av=0.65s, max=1.2s) (Lag: Av=0.65s, max=1.2s)} 0-1

[Event "Stay Safe Play From Home 384"]
[Site "Emanuel Lasker Arena"]
[Date "2020.08.14"]
[Round "2"]
[White "Haris kollari 13"]
[Black "Timbre"]
[Result "1-0"]
[WhiteElo "1975"]
[BlackElo "1651"]
[Annotator "NA"]
[PlyCount "83"]
[EventDate "2020.08.14"]
[EventType "swiss (blitz)"]

1. e4 {[%emt 0:00:01]} c6 {[%emt 0:00:02]} 2. d4 {[%emt 0:00:01]} d5 {[%emt 0:00:02]} 3. e5 {[%emt 0:00:01]} Bf5 {[%emt 0:00:03]} 4. f4 {[%emt 0:00:01]} e6 {[%emt 0:00:01]} 5. Nf3 {[%emt 0:00:01]} h6 {[%emt 0:00:02]} 6. Bd3 {[%emt 0:00:02]} Bxd3 {[%emt 0:00:02]} 7. Qxd3 {[%emt 0:00:01]} a6 {[%emt 0:00:01]} 8. c3 {[%emt 0:00:01]} Ne7 {[%emt 0:00:01]} 9. Be3 {[%emt 0:00:01]} Nf5 {[%emt 0:00:05]} 10. Bf2 {[%emt 0:00:01]} Qc7 {[%emt 0:00:01]} 11. Nbd2 {[%emt 0:00:01]} c5 {[%emt 0:00:02]} 12. g4 {[%emt 0:00:01]} Ne7 {[%emt 0:00:06]} 13. dxc5 {[%emt 0:00:06]} Ng6 {[%emt 0:00:07]} 14. Qe3 {[%emt 0:00:07]} Nc6 {[%emt 0:00:09]} 15. b4 {[%emt 0:00:03]} Be7 {[%emt 0:00:10]} 16. h4 {[%emt 0:00:01]} Qd8 {[%emt 0:00:16]} 17. h5 {[%emt 0:00:03]} Nf8 {[%emt 0:00:03]} 18. O-O {[%emt 0:00:04]} Nd7 {[%emt 0:00:03]} 19. Nd4 {[%emt 0:00:01]} Nxd4 {[%emt 0:00:03]} 20. cxd4 {[%emt 0:00:01]} Bh4 {[%emt 0:00:02]} 21. a4 {[%emt 0:00:11]} Bxf2+ {[%emt 0:00:02]} 22. Rxf2 {[%emt 0:00:01]} O-O {[%emt 0:00:03]} 23. Nf3 {[%emt 0:00:06]} Qe7 {[%emt 0:00:03]} 24. Rb1 {[%emt 0:00:01]} f6 {[%emt 0:00:05]} 25. b5 {[%emt 0:00:12]} axb5 {[%emt 0:00:03]} 26. axb5 {[%emt 0:00:02]} fxe5 {[%emt 0:00:02]} 27. fxe5 {[%emt 0:00:02]} Rf7 {[%emt 0:00:08]} 28. Rbf1 {[%emt 0:00:04]} Raf8 {[%emt 0:00:04]} 29. Nh2 {[%emt 0:00:03]} Rxf2 {[%emt 0:00:04]} 30. Rxf2 {[%emt 0:00:01]} Rxf2 {[%emt 0:00:03]} 31. Qxf2 {[%emt 0:00:01]} Qg5 {[%emt 0:00:02]} 32. Kh1 {[%emt 0:00:19]} Qc1+ {[%emt 0:00:11]} 33. Kg2 {[%emt 0:00:01]} Qg5 {[%emt 0:00:03]} 34. Kg3 {[%emt 0:00:03]} Nf8 {[%emt 0:00:06]} 35. Nf3 {[%emt 0:00:02]} Qe7 {[%emt 0:00:05]} 36. Qa2 {[%emt 0:00:05]} g6 {[%emt 0:00:15]} 37. Qa7 {[%emt 0:00:03]} gxh5 {[%emt 0:00:03]} 38. gxh5 {[%emt 0:00:01]} Nh7 {[%emt 0:00:07]} 39. c6 {[%emt 0:00:02]} Qg7+ {[%emt 0:00:04]} 40. Kf2 {[%emt 0:00:01]} Ng5 {[%emt 0:00:04]} 41. Qb8+ {[%emt 0:00:05]} Kh7 {[%emt 0:00:03]} 42. Qxb7 {[%emt 0:00:01] Timbre resigns Timbre resigns Timbre resigns (Lag: Av=0.58s, max=0.8s) (Lag: Av=0.58s, max=0.8s) (Lag: Av=0.58s, max=0.8s)} 1-0

[Event "Stay Safe Play From Home 384"]
[Site "Emanuel Lasker Arena"]
[Date "2020.08.14"]
[Round "2"]
[White "Roefe Detlef"]
[Black "Padmaesh M K"]
[Result "1-0"]
[WhiteElo "1723"]
[BlackElo "1810"]
[Annotator "NA"]
[PlyCount "149"]
[EventDate "2020.08.14"]
[EventType "swiss (blitz)"]

1. e4 {[%emt 0:00:01]} e6 {[%emt 0:00:03]} 2. Nf3 {[%emt 0:00:02]} d5 {[%emt 0:00:01]} 3. Nc3 {[%emt 0:00:02]} d4 {[%emt 0:00:04]} 4. Ne2 {[%emt 0:00:01]} c5 {[%emt 0:00:01]} 5. d3 {[%emt 0:00:01]} Nc6 {[%emt 0:00:02]} 6. g3 {[%emt 0:00:01]} Bd6 {[%emt 0:00:02]} 7. Bg2 {[%emt 0:00:01]} Nf6 {[%emt 0:00:03]} 8. O-O {[%emt 0:00:01]} h5 {[%emt 0:00:02]} 9. h3 {[%emt 0:00:01]} Qc7 {[%emt 0:00:05]} 10. Nd2 {[%emt 0:00:05]} h4 {[%emt 0:00:03]} 11. g4 {[%emt 0:00:04]} Bd7 {[%emt 0:00:07]} 12. f4 {[%emt 0:00:04]} e5 {[%emt 0:00:04]} 13. Nc4 {[%emt 0:00:03]} Be6 {[%emt 0:00:11]} 14. Nxd6+ {[%emt 0:00:02]} Qxd6 {[%emt 0:00:01]} 15. fxe5 {[%emt 0:00:03]} Nxe5 {[%emt 0:00:03]} 16. Bf4 {[%emt 0:00:02]} Nfd7 {[%emt 0:00:04]} 17. Qd2 {[%emt 0:00:06]} Qb6 {[%emt 0:00:04]} 18. a4 {[%emt 0:00:07]} f6 {[%emt 0:00:10]} 19. b3 {[%emt 0:00:04]} a5 {[%emt 0:00:05]} 20. Rab1 {[%emt 0:00:08]} O-O-O {[%emt 0:00:09]} 21. Bh2 {[%emt 0:00:08]} Rdf8 {[%emt 0:00:13]} 22. Nf4 {[%emt 0:00:02]} g5 {[%emt 0:00:11]} 23. Nd5 {[%emt 0:00:02]} Bxd5 {[%emt 0:00:06]} 24. exd5 {[%emt 0:00:02]} Qb4 {[%emt 0:00:07]} 25. Qxb4 {[%emt 0:00:06]} axb4 {[%emt 0:00:00]} 26. Rf5 {[%emt 0:00:04]} Re8 {[%emt 0:00:16]} 27. Rbf1 {[%emt 0:00:03]} Rhf8 {[%emt 0:00:10]} 28. Bxe5 {[%emt 0:00:11]} Rxe5 {[%emt 0:00:00]} 29. Be4 {[%emt 0:00:09]} Kc7 {[%emt 0:00:08]} 30. R5f2 {[%emt 0:00:04]} Kd6 {[%emt 0:00:02]} 31. Bf5 {[%emt 0:00:08]} Nb6 {[%emt 0:00:15]} 32. Be4 {[%emt 0:00:02]} Nd7 {[%emt 0:00:04]} 33. a5 {[%emt 0:00:05]} Re7 {[%emt 0:00:18]} 34. Ra1 {[%emt 0:00:06]} Ra8 {[%emt 0:00:05]} 35. Kg2 {[%emt 0:00:13]} Rf7 {[%emt 0:00:22]} 36. Bf5 {[%emt 0:00:11]} Ne5 {[%emt 0:00:06]} 37. Be6 {[%emt 0:00:06]} Rff8 {[%emt 0:00:05]} 38. Ra2 {[%emt 0:00:05]} Ra6 {[%emt 0:00:06]} 39. Ra1 {[%emt 0:00:10]} Ng6 {[%emt 0:00:03]} 40. Rf5 {[%emt 0:00:12]} Nf4+ {[%emt 0:00:03]} 41. Kf3 {[%emt 0:00:01]} Nxe6 {[%emt 0:00:02]} 42. dxe6 {[%emt 0:00:02]} Rc6 {[%emt 0:00:05]} 43. Re1 {[%emt 0:00:09]} Rc7 {[%emt 0:00:04]} 44. e7 {[%emt 0:00:03]} Rxe7 {[%emt 0:00:02]} 45. Rxe7 {[%emt 0:00:02]} Kxe7 {[%emt 0:00:00]} 46. Rxc5 {[%emt 0:00:01]} Ra8 {[%emt 0:00:01]} 47. Rb5 {[%emt 0:00:01]} Ke6 {[%emt 0:00:02]} 48. Ke4 {[%emt 0:00:02]} Ra6 {[%emt 0:00:01]} 49. Kxd4 {[%emt 0:00:01]} Rd6+ {[%emt 0:00:01]} 50. Ke3 {[%emt 0:00:01]} Rc6 {[%emt 0:00:02]} 51. Kd2 {[%emt 0:00:03]} Ra6 {[%emt 0:00:02]} 52. Rxb4 {[%emt 0:00:01]} Rxa5 {[%emt 0:00:01]} 53. Rxb7 {[%emt 0:00:01]} Ra1 {[%emt 0:00:02]} 54. b4 {[%emt 0:00:07]} Rh1 {[%emt 0:00:01]} 55. b5 {[%emt 0:00:01]} Rxh3 {[%emt 0:00:02]} 56. Kc3 {[%emt 0:00:01]} Rf3 {[%emt 0:00:09]} 57. Rh7 {[%emt 0:00:09]} Rf1 {[%emt 0:00:03]} 58. Kc4 {[%emt 0:00:04]} Rb1 {[%emt 0:00:01]} 59. c3 {[%emt 0:00:03]} Ke5 {[%emt 0:00:01]} 60. Kc5 {[%emt 0:00:01]} Kf4 {[%emt 0:00:01]} 61. d4 {[%emt 0:00:02]} Kxg4 {[%emt 0:00:01]} 62. d5 {[%emt 0:00:01]} h3 {[%emt 0:00:05]} 63. d6 {[%emt 0:00:01]} Kg3 {[%emt 0:00:02]} 64. d7 {[%emt 0:00:01]} Rd1 {[%emt 0:00:01]} 65. Kc6 {[%emt 0:00:02]} g4 {[%emt 0:00:02]} 66. b6 {[%emt 0:00:01]} Kg2 {[%emt 0:00:05]} 67. b7 {[%emt 0:00:01]} h2 {[%emt 0:00:02]} 68. b8=Q {[%emt 0:00:04]} h1=Q {[%emt 0:00:02]} 69. Rxh1 {[%emt 0:00:02]} Rxh1 {[%emt 0:00:00]} 70. d8=Q {[%emt 0:00:02]} Rc1 {[%emt 0:00:00]} 71. Qxf6 {[%emt 0:00:02]} Rxc3+ {[%emt 0:00:01]} 72. Qxc3 {[%emt 0:00:01]} g3 {[%emt 0:00:00]} 73. Qbxg3+ {[%emt 0:00:03]} Kh1 {[%emt 0:00:00]} 74. Qh3+ {[%emt 0:00:01]} Kg1 {[%emt 0:00:01]} 75. Qcg3# {[%emt 0:00:01] (Lag: Av=0.30s, max=0.6s) (Lag: Av=0.30s, max=0.6s) (Lag: Av=0.30s, max=0.6s)} 1-0

[Event "Stay Safe Play From Home 384"]
[Site "Emanuel Lasker Arena"]
[Date "2020.08.14"]
[Round "2"]
[White "Aj_show31"]
[Black "Dukic"]
[Result "0-1"]
[WhiteElo "1620"]
[BlackElo "1898"]
[Annotator "NA"]
[PlyCount "98"]
[EventDate "2020.08.14"]
[EventType "swiss (blitz)"]

1. d4 {[%emt 0:00:06]} c6 {[%emt 0:00:01]} 2. Nf3 {[%emt 0:00:01]} d6 {[%emt 0:00:00]} 3. c4 {[%emt 0:00:01]} Bg4 {[%emt 0:00:01]} 4. e4 {[%emt 0:00:02]} Nd7 {[%emt 0:00:01]} 5. Nbd2 {[%emt 0:00:02]} e5 {[%emt 0:00:01]} 6. d5 {[%emt 0:00:01]} Ngf6 {[%emt 0:00:02]} 7. Qc2 {[%emt 0:00:02]} Qa5 {[%emt 0:00:04]} 8. Be2 {[%emt 0:00:04]} Rc8 {[%emt 0:00:02]} 9. h3 {[%emt 0:00:02]} Bh5 {[%emt 0:00:02]} 10. O-O {[%emt 0:00:05]} cxd5 {[%emt 0:00:01]} 11. exd5 {[%emt 0:00:02]} Nxd5 {[%emt 0:00:02]} 12. Qe4 {[%emt 0:00:02]} N7f6 {[%emt 0:00:06]} 13. Qb1 {[%emt 0:00:05]} Nf4 {[%emt 0:00:07]} 14. Bd1 {[%emt 0:00:03]} Be7 {[%emt 0:00:28]} 15. b4 {[%emt 0:00:02]} Qc7 {[%emt 0:00:12]} 16. Nh2 {[%emt 0:00:24]} Bxd1 {[%emt 0:00:12]} 17. Rxd1 {[%emt 0:00:01]} O-O {[%emt 0:00:02]} 18. a4 {[%emt 0:00:02]} d5 {[%emt 0:00:13]} 19. c5 {[%emt 0:00:04]} a5 {[%emt 0:00:04]} 20. Ba3 {[%emt 0:00:01]} axb4 {[%emt 0:00:02]} 21. Bxb4 {[%emt 0:00:01]} Qc6 {[%emt 0:00:11]} 22. Nhf3 {[%emt 0:00:02]} e4 {[%emt 0:00:13]} 23. Nd4 {[%emt 0:00:11]} Qd7 {[%emt 0:00:05]} 24. Qb3 {[%emt 0:00:17]} Nd3 {[%emt 0:00:02]} 25. Nf1 {[%emt 0:00:09]} Nxb4 {[%emt 0:00:24]} 26. Qxb4 {[%emt 0:00:01]} Bxc5 {[%emt 0:00:01]} 27. Qb5 {[%emt 0:00:08]} Qe7 {[%emt 0:00:20]} 28. Nf5 {[%emt 0:00:04]} Qe5 {[%emt 0:00:02]} 29. N1e3 {[%emt 0:00:02]} d4 {[%emt 0:00:06]} 30. Rxd4 {[%emt 0:00:24]} Bxd4 {[%emt 0:00:02]} 31. Re1 {[%emt 0:00:04]} Qxb5 {[%emt 0:00:06]} 32. axb5 {[%emt 0:00:01]} Bc5 {[%emt 0:00:07]} 33. g4 {[%emt 0:00:20]} g6 {[%emt 0:00:02]} 34. Ng3 {[%emt 0:00:04]} Rfd8 {[%emt 0:00:02]} 35. Nc2 {[%emt 0:00:04]} Rd2 {[%emt 0:00:14]} 36. Ne3 {[%emt 0:00:02]} Re8 {[%emt 0:00:14]} 37. g5 {[%emt 0:00:01]} Nd5 {[%emt 0:00:02]} 38. Kh1 {[%emt 0:00:07]} Nf4 {[%emt 0:00:06]} 39. Nc4 {[%emt 0:00:04]} Rxf2 {[%emt 0:00:07]} 40. Rd1 {[%emt 0:00:17]} e3 {[%emt 0:00:02]} 41. Nxe3 {[%emt 0:00:13]} Bxe3 {[%emt 0:00:02]} 42. Nf1 {[%emt 0:00:05]} Bc5 {[%emt 0:00:03]} 43. Ng3 {[%emt 0:00:05]} Nxh3 {[%emt 0:00:01]} 44. Nf1 {[%emt 0:00:02]} Nxg5 {[%emt 0:00:02]} 45. Ng3 {[%emt 0:00:01]} Nf3 {[%emt 0:00:01]} 46. Nf1 {[%emt 0:00:19]} Ree2 {[%emt 0:00:01]} 47. Rd8+ {[%emt 0:00:04]} Kg7 {[%emt 0:00:01]} 48. Rg8+ {[%emt 0:00:01]} Kxg8 {[%emt 0:00:01]} 49. Ng3 {[%emt 0:00:01]} Rh2# {[%emt 0:00:01] Mate Mate Mate} 0-1

[Event "Stay Safe Play From Home 384"]
[Site "Emanuel Lasker Arena"]
[Date "2020.08.14"]
[Round "2"]
[White "Justwatch"]
[Black "Uttamchess"]
[Result "0-1"]
[WhiteElo "1375"]
[BlackElo "1921"]
[PlyCount "54"]
[EventDate "2020.08.14"]
[EventType "swiss (blitz)"]

1. e4 {[%emt 0:00:03]} c5 {[%emt 0:00:01]} 2. Nf3 {[%emt 0:00:01]} d6 {[%emt 0:00:01]} 3. Nc3 {[%emt 0:00:01]} Nf6 {[%emt 0:00:01]} 4. Bb5+ {[%emt 0:00:00]} Bd7 {[%emt 0:00:01]} 5. Bxd7+ {[%emt 0:00:00]} Qxd7 {[%emt 0:00:00]} 6. d3 {[%emt 0:00:00]} Nc6 {[%emt 0:00:01]} 7. Bg5 {[%emt 0:00:01]} Ng4 {[%emt 0:00:04]} 8. O-O {[%emt 0:00:02]} h6 {[%emt 0:00:01]} 9. Bh4 {[%emt 0:00:01]} g6 {[%emt 0:00:00]} 10. Bg3 {[%emt 0:00:01]} Bg7 {[%emt 0:00:01]} 11. h3 {[%emt 0:00:01]} Nge5 {[%emt 0:00:01]} 12. Nxe5 {[%emt 0:00:01]} Nxe5 {[%emt 0:00:00]} 13. f4 {[%emt 0:00:00]} Nc6 {[%emt 0:00:01]} 14. f5 {[%emt 0:00:00]} O-O {[%emt 0:00:05]} 15. Qf3 {[%emt 0:00:04]} Nd4 {[%emt 0:00:03]} 16. Qf2 {[%emt 0:00:00]} b5 {[%emt 0:00:06]} 17. Nd5 {[%emt 0:00:04]} Rad8 {[%emt 0:00:26]} 18. c3 {[%emt 0:00:03]} Nc6 {[%emt 0:00:02]} 19. Kh2 {[%emt 0:00:07]} Ne5 {[%emt 0:00:07]} 20. Bxe5 {[%emt 0:00:02]} dxe5 {[%emt 0:00:06]} 21. Qh4 {[%emt 0:00:02]} g5 {[%emt 0:00:03]} 22. Qh5 {[%emt 0:00:02]} e6 {[%emt 0:00:07]} 23. fxe6 {[%emt 0:00:02]} Qxe6 {[%emt 0:00:04]} 24. Rf3 {[%emt 0:00:06]} f5 {[%emt 0:00:09]} 25. Raf1 {[%emt 0:00:03]} f4 {[%emt 0:00:13]} 26. Nc7 {[%emt 0:00:06]} Qf7 {[%emt 0:00:16]} 27. Qg4 {[%emt 0:00:06]} Qxc7 {[%emt 0:00:02] Justwatch terk eder Justwatch terk eder Justwatch terk eder (Lag: Av=0.74s, max=1.1s) (Lag: Av=0.74s, max=1.1s) (Lag: Av=0.74s, max=1.1s)} 0-1

[Event "Stay Safe Play From Home 384"]
[Site "Emanuel Lasker Arena"]
[Date "2020.08.14"]
[Round "3"]
[White "Hickey"]
[Black "Haris kollari 13"]
[Result "1-0"]
[WhiteElo "2110"]
[BlackElo "1980"]
[Annotator "NA"]
[PlyCount "87"]
[EventDate "2020.08.14"]
[EventType "swiss (blitz)"]

1. c4 {[%emt 0:00:07]} b6 {[%emt 0:00:01]} 2. d4 {[%emt 0:00:03]} Bb7 {[%emt 0:00:01]} 3. Nc3 {[%emt 0:00:02]} g6 {[%emt 0:00:01]} 4. e4 {[%emt 0:00:04]} Bg7 {[%emt 0:00:01]} 5. Nf3 {[%emt 0:00:03]} d6 {[%emt 0:00:04]} 6. Bd3 {[%emt 0:00:05]} Nd7 {[%emt 0:00:01]} 7. O-O {[%emt 0:00:03]} c5 {[%emt 0:00:01]} 8. Be3 {[%emt 0:00:04]} cxd4 {[%emt 0:00:02]} 9. Nxd4 {[%emt 0:00:00]} Nc5 {[%emt 0:00:02]} 10. f3 {[%emt 0:00:02]} Nxd3 {[%emt 0:00:02]} 11. Qxd3 {[%emt 0:00:00]} Nf6 {[%emt 0:00:03]} 12. Rac1 {[%emt 0:00:02]} O-O {[%emt 0:00:02]} 13. b3 {[%emt 0:00:03]} Rc8 {[%emt 0:00:01]} 14. Rc2 {[%emt 0:00:24]} Nd7 {[%emt 0:00:05]} 15. Rfc1 {[%emt 0:00:03]} a6 {[%emt 0:00:02]} 16. Nd5 {[%emt 0:00:05]} Bxd5 {[%emt 0:00:19]} 17. cxd5 {[%emt 0:00:00]} Bxd4 {[%emt 0:00:11]} 18. Bxd4 {[%emt 0:00:03]} Rxc2 {[%emt 0:00:01]} 19. Rxc2 {[%emt 0:00:03]} Qb8 {[%emt 0:00:02]} 20. Rc6 {[%emt 0:00:02]} Nc5 {[%emt 0:00:07]} 21. Qc3 {[%emt 0:00:11]} Re8 {[%emt 0:00:22]} 22. b4 {[%emt 0:00:05]} Na4 {[%emt 0:00:03]} 23. Qc2 {[%emt 0:00:03]} b5 {[%emt 0:00:01]} 24. Rxa6 {[%emt 0:00:05]} Rc8 {[%emt 0:00:04]} 25. Rc6 {[%emt 0:00:02]} Rxc6 {[%emt 0:00:02]} 26. Qxc6 {[%emt 0:00:04]} f6 {[%emt 0:00:01]} 27. h4 {[%emt 0:00:04]} Kf7 {[%emt 0:00:01]} 28. h5 {[%emt 0:00:03]} gxh5 {[%emt 0:00:04]} 29. Qd7 {[%emt 0:00:11]} Kf8 {[%emt 0:00:22]} 30. Qf5 {[%emt 0:00:08]} Kg7 {[%emt 0:00:04]} 31. Qg5+ {[%emt 0:00:06]} Kh8 {[%emt 0:00:11]} 32. Qxh5 {[%emt 0:00:02]} Qc8 {[%emt 0:00:02]} 33. Kh2 {[%emt 0:00:19]} Kg8 {[%emt 0:00:10]} 34. Kg3 {[%emt 0:00:21]} Qf8 {[%emt 0:00:32]} 35. Qg4+ {[%emt 0:00:05]} Kf7 {[%emt 0:00:05]} 36. Qe6+ {[%emt 0:00:04]} Kg7 {[%emt 0:00:02]} 37. Kf4 {[%emt 0:00:05]} Qd8 {[%emt 0:00:07]} 38. g4 {[%emt 0:00:07]} Kf8 {[%emt 0:00:02]} 39. g5 {[%emt 0:00:03]} fxg5+ {[%emt 0:00:03]} 40. Kxg5 {[%emt 0:00:00]} Qe8 {[%emt 0:00:04]} 41. Kh6 {[%emt 0:00:10]} Qf7 {[%emt 0:00:17]} 42. Qc8+ {[%emt 0:00:13]} Qe8 {[%emt 0:00:01]} 43. Bg7+ {[%emt 0:00:07]} Kf7 {[%emt 0:00:03]} 44. Qe6# {[%emt 0:00:02] (Lag: Av=0.63s, max=1.2s) (Lag: Av=0.63s, max=1.2s) (Lag: Av=0.63s, max=1.2s)} 1-0

[Event "Stay Safe Play From Home 384"]
[Site "Emanuel Lasker Arena"]
[Date "2020.08.14"]
[Round "3"]
[White "Ionelluca"]
[Black "Aj_show31"]
[Result "1-0"]
[WhiteElo "1997"]
[BlackElo "1620"]
[Annotator "NA"]
[PlyCount "61"]
[EventDate "2020.08.14"]
[EventType "swiss (blitz)"]

1. e4 {[%emt 0:00:03]} c5 {[%emt 0:00:01]} 2. b4 {[%emt 0:00:03]} d6 {[%emt 0:00:03]} 3. b5 {[%emt 0:00:01]} e6 {[%emt 0:00:02]} 4. a4 {[%emt 0:00:01]} Nf6 {[%emt 0:00:01]} 5. Nc3 {[%emt 0:00:02]} Be7 {[%emt 0:00:00]} 6. Bb2 {[%emt 0:00:01]} O-O {[%emt 0:00:00]} 7. Nf3 {[%emt 0:00:01]} a6 {[%emt 0:00:02]} 8. d4 {[%emt 0:00:01]} axb5 {[%emt 0:00:01]} 9. axb5 {[%emt 0:00:01]} Nbd7 {[%emt 0:00:04]} 10. Rxa8 {[%emt 0:00:02]} Qc7 {[%emt 0:00:02]} 11. Be2 {[%emt 0:00:08]} Nb6 {[%emt 0:00:00]} 12. Ra1 {[%emt 0:00:02]} Bd7 {[%emt 0:00:01]} 13. O-O {[%emt 0:00:02]} cxd4 {[%emt 0:00:01]} 14. Nxd4 {[%emt 0:00:02]} Nc4 {[%emt 0:00:03]} 15. Bxc4 {[%emt 0:00:09]} Qxc4 {[%emt 0:00:01]} 16. Qd3 {[%emt 0:00:01]} Qc7 {[%emt 0:00:03]} 17. Kh1 {[%emt 0:00:05]} e5 {[%emt 0:00:01]} 18. Nf5 {[%emt 0:00:02]} Bxf5 {[%emt 0:00:01]} 19. exf5 {[%emt 0:00:01]} Rd8 {[%emt 0:00:01]} 20. Nd5 {[%emt 0:00:01]} Nxd5 {[%emt 0:00:01]} 21. Qxd5 {[%emt 0:00:01]} b6 {[%emt 0:00:02]} 22. c4 {[%emt 0:00:04]} Rc8 {[%emt 0:00:02]} 23. Rfc1 {[%emt 0:00:02]} Qd8 {[%emt 0:00:03]} 24. Ra7 {[%emt 0:00:04]} Rc5 {[%emt 0:00:01]} 25. Ra8 {[%emt 0:00:02]} Rc8 {[%emt 0:00:04]} 26. Rxc8 {[%emt 0:00:02]} Qxc8 {[%emt 0:00:01]} 27. Ra1 {[%emt 0:00:01]} Qxf5 {[%emt 0:00:07]} 28. Ra8+ {[%emt 0:00:08]} Bf8 {[%emt 0:00:02]} 29. h3 {[%emt 0:00:21]} Qb1+ {[%emt 0:00:04]} 30. Kh2 {[%emt 0:00:01]} Qxb2 {[%emt 0:00:01]} 31. Qxd6 {[%emt 0:00:01] Aj_show31 resigns Aj_show31 resigns Aj_show31 resigns (Lag: Av=0.61s, max=1.1s) (Lag: Av=0.61s, max=1.1s) (Lag: Av=0.61s, max=1.1s)} 1-0